000 00524nam a22001937a 4500
003 OSt
005 20140310184354.0
008 131007t xxu||||| |||| 00| 0 eng d
050 _aQH 541.5.D4
_b.B36 1992
100 _aBaker, Lucy.
_925392
245 _aLife in the deserts :
_banimals. people. plants /
_cLucy Baker.
260 _aUSA :
_bScholastic Inc.,
_c1992
300 _a31 p. :
_bill. col. ;
_c27 cm.
521 _aG11
526 _c950
650 _aDeserts
_925393
942 _2lcc
_cBK-SCHOLAS
999 _c33982
_d33982